000 00306nam a22001337a 4500
008 170308b xxu||||| |||| 00| 0 eng d
020 _a9780321531285
041 _aeng
080 _29 ED
_aSHM
100 _a6
101 _aSHM
245 _aESSENTIAL HUMAN ANTOMY PHYSIOLOGY
_cMARIEB.E.N
942 _2udc
_cBK
999 _c7206
_d7206